000 00459nam a2200133 a 4500
008 120416s1981 ||||||||||||||||| || u
050 _aGN 340 Cul
100 _aMurray, Jocelyn
245 1 0 _aCultural atlas of Africa
_cedited by Jocelyn Murray
260 _aOxford
_bPhaidon
_c1981
300 _a240p. : ill.
350 _a0.00
995 _D0.00
_FCBU-MAIN LIBRARY (Kitwe)
_H2
_I0.00
_M1
_UREFERENCE
_ZReference Collection
999 _c39277
_d39277